01537cam a2200409 a 4500001001400000003000800014005001700022006001900039007001500058008004100073020003800114040003000152041001800182049002600200050002100226082001200247245008600259260002700345300003900372490004200411520017400453521001700627546006100644588004700705504004100752600003200793650001500825655002900840700001900869700002200888710001600910776003500926830004300961856008801004942001601092999001901108EDZ0000117226StDuBDS20161031105150.0m||||||||d||||||||cr |||||||||||130111s2003 enkc fo| 000|0|eng d a9781446262696 (ebook) :cNo price aStDuBDSbengcStDuBDSepn0 aengagerafre aAlfaisal Main Library 0aHM585b.N67 200304a30122300aNorbert Eliash[electronic resource] /cedited by Eric Dunning & Stephen Mennell. aLondon :bSAGE,c2003. a1 online resource (4 v.) :bports.1 aSAGE masters of modern social thought8 aThis work provides a comprehensive and penetrating survey of Elias's life and work. It pinpoints the main fields of research which Elias and his followers have explored. aSpecialized. aText in English with some chapters in German and French. aDescription based on print version record. aIncludes bibliographical references.10aElias, Norbert,d1897-1990. 0aSociology. 7aElectronic books.2local1 aDunning, Eric.1 aMennell, Stephen.2 aSage eBooks08iPrint version :z9780761974574 0aSAGE masters of modern social thought.40uhttp://ezproxy.alfaisal.edu/login?url=http://sk.sagepub.com/navigator/norbert-elias 2lcccEBOOKS c480765d480765